| 000 | 01498cad a22002655a 4500 | ||
|---|---|---|---|
| 001 | L145934 | ||
| 008 | 081125s2008 xxkd f f000 0 eng d | ||
| 020 | _a9781409806745 | ||
| 035 | _a(Sirsi) u145934 | ||
| 041 | 0 | _aeng | |
| 050 | 0 | 4 | _a333.33 $2 18 |
| 110 | 1 |
_aUnited Kingdom _bDepartment for Communities and Local Government _94939 |
|
| 245 | 0 | 0 |
_aDisplay Energy Certificate software specification _h[electronic resource] |
| 260 |
_aLondon _bDCLG _c2008 |
||
| 520 | _aDescribes the software specification and the processes behind producing the operational rating performance of a building and its energy consumption in order to obtain a Display Energy Certificate and an obligatory Advisory Report. Core processes and calculations identified in this document represent the minimum requirements that all embedded Operational Rating calculation and DEC generation software should be based on. | ||
| 590 | _aKA | ||
| 650 | 2 | 4 | _aDISPLAY ENERGY CERTIFICATE |
| 650 | 2 | 4 | _aCOMMERCIAL ENERGY PERFORMANCE CERTIFICATES |
| 650 | 2 | 4 | _aEUROPEAN ENERGY PERFORMANCE OF BUILDINGS DIRECTIVE 2002/91/EC |
| 650 | 2 | 4 | _aENERGY PERFORMANCE OF BUILDINGS (CERTIFICATES AND INSPECTIONS) (ENGLAND AND WALES) REGULATIONS 2007 |
| 651 | 4 |
_aUnited Kingdom _y |
|
| 690 | _aENVIRONMENTAL AND LAND CONSULTANCY-ENERGY-ENERGY USE-ENERGY EFFICIENCY | ||
| 856 | 4 | 0 |
_uhttps://www.communities.gov.uk/documents/planningandbuilding/pdf/1016176.pdf _zView the website free of charge at www.communities.gov.uk... |
| 942 | _n0 | ||
| 999 |
_c108971 _d108971 |
||